Faces on US Currency - Statistics

General Stats
  • This quiz has been taken 59 times
  • The average score is 14 of 18
Answer Stats
Hint Answer % Correct
Penny Abraham Lincoln
100%
$5 Bill Abraham Lincoln
100%
Quarter George Washington
100%
$1 Bill George Washington
100%
Nickel Thomas Jefferson
95%
$2 Bill Thomas Jefferson
95%
$100 Bill Benjamin Franklin
91%
$20 Bill Andrew Jackson
86%
Half-Dollar John F. Kennedy
84%
Dime Franklin D. Roosevelt
81%
$10 Bill Alexander Hamilton
77%
$50 Bill Ulysses S. Grant
77%
$5,000 Bill James Madison
56%
$500 Bill William McKinley
53%
Dollar Coin Sacagawea
47%
$100,000 Bill Woodrow Wilson
47%
$1,000 Bill Grover Cleveland
44%
$10,000 Bill Salmon P. Chase
33%
No matching quizzes found
Score Distribution
Percent of People with Each Score
Percentile by Number Answered
Your Score History
You have not taken this quiz